000 00513nam a2200193Ia 4500
003 GCL
008 140319s9999 xx 000 0 eng d
040 _aGCL /
_cGCL
082 0 4 _a363.7
_bC E
100 1 _aCUNNINGHAM,WILLIAN P
245 1 0 _aENVIRONMENTAL SCIENCE /
_cCUNNINGHAM,WILLIAN P
700 1 _aSAIYO,BRALRA
260 _a[S.N] :
_bWM. C. BROWN PUBLISHERS ،
_c1995
300 _a615.P
650 0 4 _aECOLOGY
650 0 4 _aHUMAN ECOLOGY
650 0 4 _aENVERONMENTAL OF PRATETION
942 _2ddc
_cBK
999 _c11979
_d11979